000 00570nam a2200193 a 4500
005 20140310183229.0
008 040301s19uu xx 00 eng d
020 _a9812470921
050 _aQA 76.73.J38
_b.Sa27 2004
100 _aSavitch, Walter
245 _aJava :
_ban introduction to computer science and programming /
_cWalter Savitch.
250 _a3rd ed.
260 _aNew Jersey :
_bPearson Education,
_c2004.
300 _axxvii, 942p. :
_bill. ;
_c23 cm.
521 _aIT
650 _aJava (computer programs)
942 _cBK
_2lcc
_kFOR
999 _c20466
_d20466